000 00745nam a2200241Ia 4500
003 OSt
005 20220923220629.0
006 a|||||r|||| 00| 0
007 ta
008 220922b |||||||| |||| 00| 0 hin d
024 _a188,088
037 _cTextual
040 _aARTS
_cARTS
_bhin
041 _2hin
_ahin
082 _aV281.N<-D, 152M2
100 _aशर्मा, राजेन्द्र
245 0 _aदिल्ली कल और आज
246 _aDillī kal aur āja
260 _aदिल्ली
_b विचार प्रकाशन
_c1982
300 _a104 पृ.
_ccm.
942 _hV281.N<-D, 152M2
_cTEXL
_2CC
999 _c341164
_d341164